| 000 | 00511nam a22001575i 4500 | ||
|---|---|---|---|
| 001 | 154336 | ||
| 003 | ES-MaACL | ||
| 005 | 20230906205656.0 | ||
| 008 | 990701s1898 fr |||| | fre d | ||
| 040 |
_aGA _bspa _cCCPB | 3D |
||
| 100 | 1 |
_aGoblot, Edmond. _957493 |
|
| 245 | 1 | 0 |
_aEssai sur la classification des sciences / _cpar Edmond Goblot. |
| 260 |
_aParis : _bFélix Alcan, _c1898 ( _eEvreux : _fImprimerie de Charles Hérissey) |
||
| 300 |
_a296 p. ; _c22 cm. |
||
| 852 |
_aES-MaACL _jB-6553 _z-- Enc. hol. |
||
| 999 |
_c154336 _d154336 |
||